000 00584nam a2200229Ia 4500
003 OSt
005 20220924143951.0
006 a|||||r|||| 00| 0
007 ta
008 220923b |||||||| |||| 00| 0 urd d
024 _a311483
037 _cTextual
040 _aARTS
_cARTS
_burd
041 _2urd
_aurd
082 _aO168,1:gwN11, K5
100 _aMarhazi Sayed Sofi
_9216943
245 0 _aChand Mumtaz shora
260 _c1965
650 _aURDU POETRY
942 _hO168,1:gwN11, K5
_cTEXL
_2CC
999 _c455948
_d455948